| 000 | 00483nam a22001817a 4500 | ||
|---|---|---|---|
| 020 | _a9780070593572 | ||
| 082 | _a621.3 MIT | ||
| 100 | _aMittle, V.N. | ||
| 245 | _aBasic electrical engineering | ||
| 250 | _a2nd ed. | ||
| 260 |
_aNew Delhi, India _bMcGraw Hill _c2006 |
||
| 300 |
_axxviii, 828 p. _bill. ; |
||
| 490 | _aElectrical and electronics engineering series | ||
| 500 | _aIncludes index. | ||
| 650 | _aElectrical engineering. | ||
| 700 | _aMittal, Arvind | ||
| 942 | _cBK | ||
| 999 |
_c12675 _d12675 |
||